|
|
|
|
| LEADER |
00000cam a22000004a 4500 |
| 001 |
musev2_33757 |
| 003 |
MdBmJHUP |
| 005 |
20230905043545.0 |
| 006 |
m o d |
| 007 |
cr||||||||nn|n |
| 008 |
130403s2013 nju o 00 0 eng d |
| 020 |
|
|
|a 9781400846887
|
| 020 |
|
|
|z 9780691154275
|
| 035 |
|
|
|a (OCoLC)835048214
|
| 040 |
|
|
|a MdBmJHUP
|c MdBmJHUP
|
| 245 |
0 |
0 |
|a Mammals of China /
|c Andrew T. Smith and Yan Xie, editors ; Robert S. Hoffmann [and others], contributing authors ; Federico Gemma, illustrator ; Wang Sung, honorary editor.
|
| 264 |
|
1 |
|a Princeton, N.J. :
|b Princeton University Press,
|c 2013.
|
| 264 |
|
3 |
|a Baltimore, Md. :
|b Project MUSE,
|c 2015
|
| 264 |
|
4 |
|c ©2013.
|
| 300 |
|
|
|a 1 online resource (400 pages):
|b illustrations (some color), maps (some color)
|
| 336 |
|
|
|a text
|b txt
|2 rdacontent
|
| 337 |
|
|
|a computer
|b c
|2 rdamedia
|
| 338 |
|
|
|a online resource
|b cr
|2 rdacarrier
|
| 490 |
0 |
|
|a Princeton pocket guides
|
| 505 |
0 |
|
|a Order Proboscidea -- Order Sirenia -- Order Scandentia -- Order Primates -- Order Rodentia -- Order Lagomorpha -- Order Erinaceomorpha -- Order Soricomorpha -- Order Chiroptera -- Order Pholidota -- Order Carnivora -- Order Perissodactyla -- Order Artiodactyla -- Order Cetacea.
|
| 520 |
|
|
|a China's breathtaking diversity of natural habitats--from mountains and deserts to grasslands and lush tropical forests--is home to more than 10 percent of the world's mammal species. This one-of-a-kind pocket guide describes the characteristics, geographic distribution, natural history, and conservation status of all 558 species of mammals found in China. An up-to-date distribution map accompanies each species account, and beautiful color illustrations by wildlife artist Federico Gemma depict a majority of the species. The definitive text is written by leading specialists and follows the mo.
|
| 546 |
|
|
|a In English.
|
| 588 |
|
|
|a Description based on print version record.
|
| 650 |
|
7 |
|a Säugetiere.
|2 idszbz
|
| 650 |
|
7 |
|a Säugetiere
|z China.
|2 idsbb
|
| 650 |
|
7 |
|a Säugetiere
|2 gnd
|
| 650 |
|
7 |
|a Systematik
|2 gnd
|
| 650 |
|
7 |
|a Mammals.
|2 fast
|0 (OCoLC)fst01006948
|
| 650 |
|
7 |
|a SCIENCE
|x Life Sciences
|x Zoology
|x Mammals.
|2 bisacsh
|
| 650 |
|
7 |
|a NATURE
|x Animals
|x Mammals.
|2 bisacsh
|
| 650 |
|
6 |
|a Mammiferes
|z Chine
|v Identification.
|
| 650 |
|
0 |
|a Mammals
|z China
|v Identification.
|
| 651 |
|
7 |
|a China.
|2 idszbz
|
| 651 |
|
7 |
|a China
|2 gnd
|
| 651 |
|
7 |
|a China.
|2 fast
|0 (OCoLC)fst01206073
|
| 655 |
|
7 |
|a Field guides.
|2 fast
|0 (OCoLC)fst01940354
|
| 655 |
|
7 |
|a Electronic books.
|2 local
|
| 700 |
1 |
|
|a Xie, Yan,
|d 1967-
|
| 700 |
1 |
|
|a Smith, Andrew T.,
|d 1946-
|
| 710 |
2 |
|
|a Project Muse.
|e distributor
|
| 830 |
|
0 |
|a Book collections on Project MUSE.
|
| 856 |
4 |
0 |
|z Texto completo
|u https://projectmuse.uam.elogim.com/book/33757/
|
| 945 |
|
|
|a Project MUSE - Custom Collection
|
| 945 |
|
|
|a Project MUSE - 2013 Complete Supplement II
|
| 945 |
|
|
|a Project MUSE - 2013 Ecology and Evolution Supplement
|